=LDR 00000nam 2200000 4500 =001 INLIS000000000042069 =005 20130612151552 =008 ***********************************ind** =035 ##$$0010-061300000042069 =041 ##$$a ind =082 ##$$a 348. 02 =090 ##$$a 348.02, Ind p =100 ##$$a Indonesia. [Undang-undang, Peraturan dst] =245 ##$$a Pembentukan peraturan perundang - undangan , Undang -undang Ri nomor 12 tahun 2011 =260 ##$$a 2012 $b Bandung =300 ##$$a Vi,195 hlm., 21 cm =650 ##$$a PERUNDANG-UNDANGAN =850 ##$$a NBPNMAT